000 00983nam a2200361 a 4500
003 AR-BaBNM
005 20251128204218.0
008 082120s2002 ||||||||||||||000 | spa||
020 _a950-43-5993-0
040 _cAR-BaBNM
100 1 _aDíaz Balbi, Viviana
245 0 0 _aEducación estética
_bun niño creador, un hombre nuevo
260 _aSan Juan
_bCarlos Giménez
_c1994
300 _a120 p.
_bil.
500 _aPrólogo por José Barchilon
650 4 _aARTE
650 4 _aEDUCACION ESTETICA
650 4 _aCREATIVIDAD
650 4 _aAFECTIVIDAD
650 4 _aJUEGOS EDUCATIVOS
650 4 _aFINALIDADES DE LA EDUCACION
650 4 _aEDUCACION DEL NIÑO
650 4 _aAPRENDIZAJE
650 4 _aCOMPORTAMIENTO AFECTIVO
650 4 _aPROCESO DE APRENDIZAJE
650 4 _aMOTIVACION
650 4 _aPERCEPCION
650 4 _aTALLERES ESCOLARES
653 _aEXPERIENCIAS EDUCATIVAS
653 _aORIENTACION EDUCATIVA
942 _cBK
998 _cCarmen
999 _c6609
_d6609